LEADER 00955nam0-2200325---450- 001 990008295830403321 005 20060329123941.0 010 $a90-04-12291-5 035 $a000829583 035 $aFED01000829583 035 $a(Aleph)000829583FED01 035 $a000829583 100 $a20060315d2001----km-y0itay50------ba 101 0 $aeng 102 $aNL 105 $ay-------001yy 200 1 $a<>theology of the Halakhah$fby Jacob Neusner 210 $aLeiden [etc.]$cBrill$d2001 215 $aLIV, 396 p.$d25 cm 225 1 $a<>Brill reference library of ancient Judaism$v6$x1566-1237 610 0 $aGiudaismo$aDottrine$aStoria$aFonti 676 $a296.18$v21$zita 700 1$aNeusner,$bJacob$f<1932- >$0147791 801 0$aIT$bUNINA$gRICA$2UNIMARC 901 $aBK 912 $a990008295830403321 952 $a296.18 NEU 1$bBibl. 49507$fFLFBC 959 $aFLFBC 996 $aTheology of the Halakhah$9745945 997 $aUNINA LEADER 00882nam0-2200325 --450 001 9910265547403321 005 20180502112208.0 010 $a88-7953-092-5 020 $aIT$b2001-2312 100 $a20180502d2000----kmuy0itay5050 ba 101 0 $aita 102 $aIT 105 $a 001yy 200 1 $a<>Sillabo e dopo$fErnesto Rossi$ga cura di Giuseppe Armani 210 $aMilano$cKaos$d2000 215 $a245 p.$d21 cm 225 1 $aLibertaria 610 0 $aChiesa e Stato$aItalia$aSec. 19.-20. 610 0 $aSillabo 676 $a262.8$v19 676 $a322.10945 700 1$aRossi,$bErnesto$f<1897-1967>$0292129 702 1$aArmani,$bGiuseppe 801 0$aIT$bUNINA$gREICAT$2UNIMARC 901 $aBK 912 $a9910265547403321 952 $a322.10 ROS 2$bBibl. 2018/$fFLFBC 959 $aFLFBC 996 $aSillabo e dopo$91505031 997 $aUNINA LEADER 02781 am 22006613u 450 001 9910140423103321 005 20230621142722.0 010 $a9783900305703 (ebook) 010 $a3900305706 (ebook) 035 $a(CKB)2670000000560512 035 $a(MARCnow)har140237126 035 $a(MH)014140354-3 035 $a(SSID)ssj0001680212 035 $a(PQKBManifestationID)16496140 035 $a(PQKBTitleCode)TC0001680212 035 $a(PQKBWorkID)15028189 035 $a(PQKB)10476940 035 $a(WaSeSS)IndRDA00057534 035 $a(EXLCZ)992670000000560512 100 $a20140811h20142014 fy 0 101 0 $ager 135 $aurm|#---uuuuu 181 $ctxt$2rdacontent 182 $cc$2rdamedia 183 $acr$2rdacarrier 200 14$aEin Brandhorizont aus der Zeit der Markomannenkriege im südostnorischen Munizipium Flavia Solva /$fChristoph Hinker ; mit Beiträgen von Günter Christandl und Ursula Schachinger 210 1$aWein, Austria :$cÖsterreichisches Archäologisches Institut,$d2014 210 4$d©2014 215 $a1 online resource (341 pages ) $cillustrations; digital, PDF file(s) 225 1 $aZentraleuropäische Archäologie ;$vvolume 4 300 $aBibliographic Level Mode of Issuance: Monograph 320 $aIncludes bibliographical references (pages 323-341). 330 $aThe publication provides a detailed study of a burnt layer from Insula XLI in Flavia Solva (Wagna, Austria), dated ca. AD 170, i.e. within the period of the Marcomannic Wars. 330 $aDie Publikation bietet eine eingehende Studie über archäologische Befunde und Funde eines um 170 n. Chr., d. h. in den Zeitraum der Markomannenkriege, datierenden Brandhorizontes der Insula XLI von Flavia Solva (Wagna, Österreich). 410 0$aZentraleuropäische Archäologie ;$vvolume 4. 606 $aMarcomannic War, 167-180 606 $aExcavations (Archaeology)$zAustria 606 $aAustria$2HILCC 606 $aRegions & Countries - Europe$2HILCC 606 $aHistory & Archaeology$2HILCC 607 $aFlavia Solva (Extinct city) 607 $aAustria$xAntiquities, Roman 615 0$aMarcomannic War, 167-180. 615 0$aExcavations (Archaeology) 615 7$aAustria 615 7$aRegions & Countries - Europe 615 7$aHistory & Archaeology 676 $a936.3 700 $aHinker$b Christoph$0802688 702 $aChristandl$b Günter 702 $aSchachinger$b Ursula 712 02$aÖsterreichisches Archäologisches Institut (Vienna, Austria), 801 0$bNyNyMAR 801 1$bNyNyMAR 801 2$bUkMaJRU 912 $a9910140423103321 996 $aBrandhorizont aus der Zeit der Markomannenkriege im südostnorischen Munizipium Flavia Solva$91803996 997 $aUNINA